Les meilleurs buteurs de l'histoire du VfL Wolfsburg - Statistiques

Statistiques générales
  • Ce quiz a été pris 19 fois
  • Le résultat moyen est 2 sur 10
Statistiques - réponses
Buts Nationalité Joueur % Correct
85 Bosnie-Herzégovine Edin Dzeko
94%
70 Pays-Bas Wout Weghorst
41%
75 Brésil Grafite
35%
71 Argentine Diego Klimowicz
0%
111 Allemagne Frank Plagge
0%
70 Allemagne Hans Kircher
0%
69 Allemagne Matthias Fiebich
0%
123 Allemagne Olaf Ansorge
0%
95 Allemagne Siegfried Reich
0%
69 Allemagne Wilfried Kemmer
0%
Aucun quiz correspondant
Distribution des résultats
% des personnes avec chaque résultat
Percentile par nombre de réponses
Votre historique - résultats
Vous n’avez pas pris ce quiz